Campeones del fútbol mexicano - Estadísticas

Estadísticas generales
  • Esta prueba ha sido intentada 90 veces
    84 desde el último reinicio
  • La puntuación promedio es 18 de 24
Estadísticas de respuestas
Temporada Campeón % Correcto
1 Club América
99%
2 Guadalajara
97%
6 Tigres UANL
97%
3 Toluca
97%
4 Cruz Azul
96%
10 C. F. Monterrey
94%
8 Pachuca
93%
13 Atlas F. C.
92%
7 Pumas UNAM
92%
5 Club León
90%
24 Club Tijuana
86%
9 Santos Laguna
85%
18 Monarcas Morelia
77%
11 Atlante
76%
12 Club Necaxa
75%
16 Veracruz
75%
14 Club Puebla
72%
20 Tecos UAG
55%
17 Oro
45%
15 Zacatepec
45%
19 R. C. España
42%
21 C. F. Asturias
35%
22 C. D. Marte
32%
23 C. D. Tampico
32%
No se encontraron pruebas coincidentes
Distribución de puntuación
Porcentaje de gente con cada puntuación
Porcentaje por número respondido
Historial de tus puntuaciones
No has intentado esta prueba desde el último reinicio